[Event "Niedersachsen-ch Seniors op 13th"]
[Site "Bad Bevensen"]
[Date "2010.07.14"]
[Round "9"]
[White "Werner, Klaus"]
[Black "Meinke, Dietlind"]
[Result "0-1"]
[WhiteElo "1596"]
[BlackElo "1760"]
[PlyCount "86"]
[EventDate "2010.07.06"]
[EventType "swiss"]
[EventRounds "9"]
[EventCountry "GER"]
[SourceTitle "EXT 2012"]
[Source "ChessBase"]
[SourceDate "2011.11.24"]
[SourceVersion "1"]
[SourceVersionDate "2011.11.24"]
[SourceQuality "1"]

1. d4 Nf6 2. Nf3 e6 3. e3 b6 4. Bd3 Bb7 5. Nbd2 d5 6. 0-0 Nbd7 7. Re1 Ne4 8. c3 Bd6 9. Qc2 Ndf6 10. Ne5 0-0 11. f3 Nxd2 12. Bxd2 c5 13. f4 c4 14. Be2 Ne4 15. Bf3 Rc8 16. Ng4 b5 17. Rad1 a5 18. Bxe4 dxe4 19. Nf2 f5 20. g4 Qh4 21. Bc1 g5 22. Re2 Rf6 23. h3 Qg3+ 24. Kf1 gxf4 25. exf4 Bxf4 26. Bxf4 Qxf4 27. Qd2 Qxd2 28. Rdxd2 Rcf8 29. g5 Rg6 30. h4 h6 31. Nh3 f4 32. h5 Rg7 33. gxh6 Rg3 34. Rg2 e3 35. Rde2 Bxg2+ 36. Rxg2 Rxg2 37. Kxg2 f3+ 38. Kf1 Rf5 39. Ng1 Kh7 40. Nh3 Kxh6 41. Ng1 Kxh5 42. Nh3 Kg4 43. Ng1 Kg3 0-1

[Event "Niedersachsen-ch Seniors op 13th"]
[Site "Bad Bevensen"]
[Date "2010.07.10"]
[Round "5"]
[White "Werner, Klaus"]
[Black "Luebbers, Doris"]
[Result "1-0"]
[WhiteElo "1596"]
[BlackElo "1386"]
[PlyCount "31"]
[EventDate "2010.07.06"]
[EventType "swiss"]
[EventRounds "9"]
[EventCountry "GER"]
[SourceTitle "EXT 2012"]
[Source "ChessBase"]
[SourceDate "2011.11.24"]
[SourceVersion "1"]
[SourceVersionDate "2011.11.24"]
[SourceQuality "1"]

1. d4 d5 2. Nf3 Nf6 3. e3 e6 4. Bd3 Bd6 5. 0-0 0-0 6. Nbd2 b6 7. e4 dxe4 8. Nxe4 Bb7 9. Nxf6+ gxf6 10. Bh6 Re8 11. Nh4 f5 12. Qh5 Bf8 13. Nxf5 Qf6 14. Bg5 Qg6 15. Nh6+ Bxh6 16. Bxg6 1-0

[Event "Niedersachsen-ch Seniors op 13th"]
[Site "Bad Bevensen"]
[Date "2010.07.07"]
[Round "2"]
[White "Huhn, Ulrich"]
[Black "Werner, Klaus"]
[Result "1-0"]
[WhiteElo "1833"]
[BlackElo "1596"]
[PlyCount "81"]
[EventDate "2010.07.06"]
[EventType "swiss"]
[EventRounds "9"]
[EventCountry "GER"]
[SourceTitle "EXT 2012"]
[Source "ChessBase"]
[SourceDate "2011.11.24"]
[SourceVersion "1"]
[SourceVersionDate "2011.11.24"]
[SourceQuality "1"]

1. d4 Nf6 2. Nc3 d5 3. Bg5 Nbd7 4. e3 c6 5. Nf3 Qa5 6. Qd2 e6 7. Bd3 Be7 8. 0-0 0-0 9. Rfe1 Re8 10. e4 dxe4 11. Nxe4 Qxd2 12. Nexd2 c5 13. c3 h6 14. Bh4 Nd5 15. Bxe7 Rxe7 16. g3 cxd4 17. Nxd4 a6 18. Re2 N7f6 19. Ne4 b6 20. Rae1 Bb7 21. Nd6 Rd8 22. Nxb7 Rxb7 23. Bxa6 Ra7 24. Bc4 Rc7 25. Bb3 Rc5 26. f4 b5 27. a3 b4 28. axb4 Nxb4 29. cxb4 Rcc8 30. Nxe6 fxe6 31. Bxe6+ Kf8 32. Bxc8 Rxc8 33. Rd1 Rc4 34. b5 Rb4 35. Rd8+ Kf7 36. Rb8 Ne4 37. Rc2 Ke6 38. b6 Nd6 39. Kg2 Nc4 40. Rxc4 Rxc4 41. b7 1-0

[Event "Niedersachsen-ch Seniors op 11th"]
[Site "Bad Bevensen"]
[Date "2008.07.16"]
[Round "9"]
[White "Merettig, Georg"]
[Black "Werner, Klaus"]
[Result "1-0"]
[WhiteElo "1786"]
[BlackElo "1577"]
[PlyCount "61"]
[EventDate "2008.07.08"]
[EventType "swiss"]
[EventRounds "9"]
[EventCountry "GER"]
[SourceTitle "EXT 2022"]
[Source "ChessBase"]
[SourceDate "2021.10.06"]
[SourceVersion "1"]
[SourceVersionDate "2021.10.06"]
[SourceQuality "1"]

1. Nc3 Nf6 2. f4 d5 3. e3 Bf5 4. Nce2 e6 5. Nf3 h6 6. Ng3 Bh7 7. Bd3 Ne4 8. 0-0 Nxg3 9. hxg3 Bxd3 10. cxd3 Nd7 11. b3 Qf6 12. d4 Qg6 13. Qe1 Qf5 14. Qe2 a6 15. Bb2 Nf6 16. Ne5 h5 17. d3 Bd6 18. Rae1 Qh7 19. e4 dxe4 20. dxe4 Bb4 21. Rc1 Nxe4 22. Rxc7 Bd6 23. Rxf7 Rc8 24. Qf3 Rc7 25. Rxc7 Bxc7 26. Re1 Nd6 27. d5 Qc2 28. Nd3 h4 29. Rxe6+ Kd7 30. gxh4 Rxh4 31. Qf2 1-0

[Event "Niedersachsen-ch Seniors op 09th"]
[Site "Bad Bevensen"]
[Date "2006.06.29"]
[Round "6"]
[White "Werner, Klaus"]
[Black "Lange, Lutz"]
[Result "1-0"]
[WhiteElo "1688"]
[BlackElo "1670"]
[PlyCount "59"]
[EventDate "2006.06.24"]
[EventType "swiss"]
[EventRounds "9"]
[EventCountry "GER"]
[SourceTitle "EXT 2022"]
[Source "ChessBase"]
[SourceDate "2021.10.06"]
[SourceVersion "1"]
[SourceVersionDate "2021.10.06"]
[SourceQuality "1"]

1. e4 e6 2. d4 d5 3. Nc3 dxe4 4. Nxe4 Nd7 5. Bd3 Ngf6 6. Bg5 Be7 7. Nxf6+ Nxf6 8. Nf3 c5 9. 0-0 0-0 10. c3 Qc7 11. Re1 b6 12. Qc2 h6 13. Bh4 Bb7 14. Bxf6 Bxf6 15. dxc5 Qxc5 16. Be4 Bxe4 17. Qxe4 Qb5 18. Re2 Rad8 19. Rae1 Rd7 20. h4 Rfd8 21. g4 Rd1 22. Qc2 Rxe1+ 23. Rxe1 Qd5 24. Qe2 Qxa2 25. g5 hxg5 26. hxg5 Be7 27. g6 fxg6 28. c4 Bf6 29. Qxe6+ Kh7 30. Kg2 1-0